000 00332nam a22001457a 4500
041 _aeng
080 _a81.2
090 _bФИШ
100 _aФишкис М. И.
245 _aLion at Large (after Richard Parker)
260 _aМосква
_bПросвещение
_c1972
300 _a95
650 _aReading
999 _c279815
_d279815
942 _cBK